000 00276nam a2200109Ia 4500
008 220204s9999 xx 000 0 und d
082 _a658
_bGHO
245 0 _aBusiness communication: An introduction
260 _aBombay
_bSomaiya
_c1977
700 _aGhonsagi, B D
942 _cBK
999 _c31125
_d31125